000 00443nam a2200157Ia 4500
008 241206s9999||||xx |||||||||||||| ||und||
020 _a9780750601092
_c0
040 _beng
_cSSK Library
_erda
082 _a658.8502341/GIL
100 _a Alan Gillam
245 4 _aThe Principles And Practice Of Selling
260 _b Butterworth Heinemann
_c©1982
942 _2Dewey Decimal Classification
_cBOOK
_nNo
999 _c18379
_d18379
003 OSt
005 20241206223329.0